| 000 | 00775cam a2200277 4500 | ||
|---|---|---|---|
| 001 | ABS63968 | ||
| 008 | 000000n2001 000 0 eng u | ||
| 035 | _a(Sirsi) u112900 | ||
| 245 | _aFocus 2001: Yorkshire offices | ||
| 260 | _c2001 | ||
| 490 |
_aEstates Gazette _v(0121) 26 May 2001, 83-115(14) |
||
| 590 | _aABS | ||
| 650 | _aYORKSHIRE | ||
| 650 | _aLEEDS | ||
| 650 | _aMANCHESTER | ||
| 650 | _aGENERAL ELECTION | ||
| 650 | _aBRADFORD | ||
| 650 | _aPROPERTY-COMMERCIAL PROPERTY-OFFICE PROPERTY-OFFICE PROPERTY MARKET | ||
| 650 | _aHEADQUARTERS | ||
| 650 | _aBUSINESS PARKS | ||
| 650 | _aOUT-OF-TOWN DEVELOPMENTS | ||
| 650 | _aLAW FIRMS | ||
| 650 | _aOFFICE RENTS | ||
| 690 | _aPROPERTY-COMMERCIAL PROPERTY-COMMERCIAL PROPERTY MARKET | ||
| 942 | _n0 | ||
| 999 |
_c67211 _d67211 |
||